| 000 | 01771cam a2200373 i 4500 | ||
|---|---|---|---|
| 001 | ocn959806043 | ||
| 003 | OCoLC | ||
| 005 | 20250116140448.0 | ||
| 008 | 160930s2017 onc 000 1 eng d | ||
| 020 |
_a9780373804108 _q(paperback) |
||
| 020 |
_a0373804105 _q(paperback) |
||
| 035 | _a(OCoLC)959806043 | ||
| 040 |
_aBTCTA _beng _cBTCTA _dBDX _dNZAUC _dOCLCO _dVTL _dTnLvILS |
||
| 043 | _an-us-ny | ||
| 100 | 1 |
_aMorgan, Sarah _c(Romance fiction writer), _eauthor. |
|
| 245 | 1 | 0 |
_aNew York, actually / _cSarah Morgan. |
| 264 | 1 |
_aDon Mills, Ontario, Canada : _bHQN, _c[2017] |
|
| 300 |
_a374 pages ; _c17 cm. |
||
| 336 |
_atext _2rdacontent. |
||
| 337 |
_aunmediated _2rdamedia. |
||
| 338 |
_avolume _2rdacarrier. |
||
| 490 | 1 | _aFrom Manhattan with love. | |
| 520 | _aMeet Molly, New York's most famous agony aunt, who considers herself an expert at relationships--as long as they're other people's. The only love of her life is her Dalmatian Valentine. Meet Daniel, a cynical divorce lawyer, who's hardwired to think relationships are a bad idea: if you don't get involved, no one can get hurt. But then he finds himself borrowing a dog to meet the gorgeous woman he sees running in Central Park every morning. Molly and Daniel think they know everything there is to know about relationships--until they meet each other that is. | ||
| 650 | 0 |
_aAdvice columnists _vFiction. |
|
| 650 | 0 |
_aBloggers _vFiction. |
|
| 650 | 0 |
_aDogs _vFiction. |
|
| 651 | 0 |
_aManhattan (New York, N.Y.) _vFiction. |
|
| 651 | 0 |
_aCentral Park (New York, N.Y.) _vFiction. |
|
| 655 | 7 |
_aLegal fiction (Literature) _2lcgft. |
|
| 655 | 7 |
_aRomance fiction. _2lcgft. |
|
| 800 | 1 |
_aMorgan, Sarah, _c(Romance fiction writer). _tFrom Manhattan with love. |
|
| 907 | _a.b370737313 | ||
| 942 | _cBK | ||
| 999 |
_c30229 _d30227 |
||